Women, gender and everyday social transformation in India (Record no. 1395956)

MARC details
000 -LEADER
fixed length control field 00653nam a2200217Ia 4500
005 - DATE AND TIME OF LATEST TRANSACTION
control field 20250508165556.0
008 - FIXED-LENGTH DATA ELEMENTS--GENERAL INFORMATION
fixed length control field 008 250505s9999 xx 000 0 eng d
020 ## - INTERNATIONAL STANDARD BOOK NUMBER
International Standard Book Number 978-1-4833-5970-0
037 ## - SOURCE OF ACQUISITION
Stock number Reference
040 ## - CATALOGING SOURCE
Original cataloging agency FEDL
Language of cataloging eng
Transcribing agency FEDL
041 ## - LANGUAGE CODE
Language code of text/sound track or separate title eng
Source of code eng
084 ## - COLON CLASSIFICATION NUMBER
Classification number 305.409 54, NIE/RR
Assigning agency FEDL
100 ## - MAIN ENTRY--PERSONAL NAME
Personal name Nielsen Bo Kenneth Ed.
9 (RLIN) 781233
245 #0 - TITLE STATEMENT
Title Women, gender and everyday social transformation in India
260 ## - PUBLICATION, DISTRIBUTION, ETC.
Place of publication, distribution, etc. Gurgaon, India
Name of publisher, distributor, etc. Anthem Press
Date of publication, distribution, etc. 2015
300 ## - PHYSICAL DESCRIPTION
Extent 254p.
365 ## - TRADE PRICE
Price type code INR
Price amount 695
700 ## - ADDED ENTRY--PERSONAL NAME
Personal name Waldrop Anne Ed.
9 (RLIN) 781234
942 ## - ADDED ENTRY ELEMENTS (KOHA)
Koha item type Reference
Classification part 305.409 54, NIE/RR
Holdings
Withdrawn status Lost status Damaged status Not for loan Home library Current library Date acquired Cost, normal purchase price Total Checkouts Full call number Barcode Date last seen Price effective from Koha item type
        Department of Education Library Department of Education Library 2025-05-08 695.00   305.409 54, NIE/RR EL0089594 2025-05-08 2025-05-08 Reference
Copyright @ Delhi University Library System